UBT Library

Pharmacology and physiology in anesthetic practice / (Record no. 41528)

000 -LEADER
fixed length control field 00619cam a2200229 a 4500
001 - CONTROL NUMBER
control field 2879131
005 - DATE AND TIME OF LATEST TRANSACTION
control field 20180201071643.0
008 - FIXED-LENGTH DATA ELEMENTS--GENERAL INFORMATION
fixed length control field 860827s1987 paua b 001 0 eng c
010 ## - LIBRARY OF CONGRESS CONTROL NUMBER
LC control number 86021017
020 ## - INTERNATIONAL STANDARD BOOK NUMBER
International Standard Book Number 0397507712
040 ## - CATALOGING SOURCE
Original cataloging agency DNLM/DLC
Transcribing agency DLC
Modifying agency DLC
041 ## - LANGUAGE CODE
Language code of text/sound track or separate title eng
060 ## - NATIONAL LIBRARY OF MEDICINE CALL NUMBER
Classification number QV 81 S872p
080 ## - UNIVERSAL DECIMAL CLASSIFICATION NUMBER
Universal Decimal Classification number 615.781 STO
082 00 - DEWEY DECIMAL CLASSIFICATION NUMBER
Classification number 615.781 STO
Edition number 19
100 1# - Rafti
Rafti 5
101 ## - Shkurtesa
Shkurtesa FAR
245 10 - TITLE STATEMENT
Title Pharmacology and physiology in anesthetic practice /
Statement of responsibility, etc Robert K. Stoelting.
504 ## - BIBLIOGRAPHY, ETC. NOTE
Bibliography, etc Includes bibliographies and indexes.
906 ## - LOCAL DATA ELEMENT F, LDF (RLIN)
a 7
b cbc
c orignew
d 1
e ocip
f 19
g y-gencatlg
942 ## - ADDED ENTRY ELEMENTS (KOHA)
Source of classification or shelving scheme
Item type Books
Holdings
Withdrawn status Lost status Source of classification or shelving scheme Damaged status Not for loan Collection code Permanent location Current location Shelving location Date acquired Total Checkouts Full call number Barcode Date last seen Price effective from Koha item type
          Koleksioni i përgjithshem UBT - Lipjan UBT - Lipjan Koleksioni i përgjithshem 02/01/2018   615.781 STO 002-2997716 02/01/2018 02/01/2018 Books
UBT Library © 2015-2024. All rights reserved University Education for Business and Technology